Catálogo
 En Linea

Diccionario biográfico-histórico dominicano (1821-1930) / (Registro nro. 38273)

Detalles MARC
000 -CABECERA
campo de control de longitud fija 01121nam a2200313 i 4500
001 - NÚMERO DE CONTROL
campo de control 000038783
003 - IDENTIFICADOR DEL NÚMERO DE CONTROL
campo de control DO-SdBNP
005 - FECHA Y HORA DE LA ÚLTIMA TRANSACCIÓN
campo de control 20251027150047.0
007 - CAMPO FIJO DE DESCRIPCIÓN FÍSICA--INFORMACIÓN GENERAL
campo de control de longitud fija ta
008 - DATOS DE LONGITUD FIJA--INFORMACIÓN GENERAL
campo de control de longitud fija 111125s1997 dr l000 0 spa d
020 ## - NÚMERO INTERNACIONAL ESTÁNDAR DEL LIBRO
Número Internacional Estándar del Libro 84899539588
040 ## - FUENTE DE LA CATALOGACIÓN
Centro catalogador/agencia de origen DO-SdBNP
Lengua de catalogación spa
Centro/agencia transcriptor BNPHU
Normas de descripción rda
041 ## - CÓDIGO DE LENGUA
Código de lengua del texto/banda sonora o título independiente spa
082 #4 - NÚMERO DE LA CLASIFICACIÓN DECIMAL DEWEY
Número de clasificación 920.07293
Número de documento/Ítem M385d 1997
Número de edición 22
100 1# - ENTRADA PRINCIPAL--NOMBRE DE PERSONA
Nombre de persona Martínez, Rufino,
Fechas asociadas al nombre 1893-
Término indicativo de función/relación autor
9 (RLIN) 23201
Código de función/relación aut.
245 10 - MENCIÓN DE TÍTULO
Título Diccionario biográfico-histórico dominicano (1821-1930) /
Mención de responsabilidad, etc. Rufino Martínez ; presentación, Emilio Cordero Michel.
250 ## - MENCIÓN DE EDICIÓN
Mención de edición Segunda edición
264 #4 - PRODUCCIÓN, PUBLICACIÓN, DISTRIBUCIÓN, FABRICACIÓN Y COPYRIGHT
Producción, publicación, distribución, fabricación y copyright Santo Domingo, República Dominicana :
Nombre del de productor, editor, distribuidor, fabricante Editora De Colores, S. A.,
Fecha de producción, publicación, distribución, fabricación o copyright ©1997.
300 ## - DESCRIPCIÓN FÍSICA
Extensión 584 páginas ;
Dimensiones 26 cm.
336 ## - TIPO DE CONTENIDO
Término de tipo de contenido rdacontent
Código de tipo de contenido texto
Fuente txt
337 ## - TIPO DE MEDIO
Nombre/término del tipo de medio rdamedia
Código del tipo de medio sin mediación
Fuente n
338 ## - TIPO DE SOPORTE
Nombre/término del tipo de soporte rdacarrier
Código del tipo de soporte volumen
Fuente nc
500 ## - NOTA GENERAL
Nota general Texto a dos columnas
590 ## - NOTA LOCAL (RLIN)
Nota local Inventariado, 2024/DG
651 #4 - PUNTO DE ACCESO ADICIONAL DE MATERIA--NOMBRE GEOGRÁFICO
Nombre geográfico República Dominicana
Subdivisión general Biografías
Subdivisión cronológica 1821-1930
Subdivisión de forma Diccionarios
9 (RLIN) 62098
700 1# - PUNTO DE ACCESO ADICIONAL--NOMBRE DE PERSONA
Nombre de persona Cordero Michel, Emilio,
Fechas asociadas al nombre 1929-2018
9 (RLIN) 44029
Término indicativo de función/relación presentador
Código de función/relación pr.
910 ## - DATOS DE OPCIÓN DEL USUARIO (OCLC)
Datos de opción del usuario Validado. Control de calidad MFF
942 ## - ELEMENTOS DE PUNTO DE ACCESO ADICIONAL (KOHA)
Fuente del sistema de clasificación o colocación Dewey Decimal Classification
Tipo de ítem Koha Libro
Existencias
Estado de retiro Estado de pérdida Fuente del sistema de clasificación o colocación Restricciones de uso No para préstamo Código de colección Localización permanente Ubicación/localización actual Ubicación en estantería Fecha de adquisición Total de préstamos Signatura topográfica completa Código de barras Fecha visto por última vez Precio válido a partir de Tipo de ítem Koha Número de copia
    Dewey Decimal Classification Excluido de préstamo   Patrimonio Dominicano Referencia Biblioteca Nacional Pedro Henríquez Ureña Biblioteca Nacional Pedro Henríquez Ureña Depósito 22.04.2013   BNPHU R-PD 920.07293 M385d 1997 38783-10 25.06.2020 25.06.2020 Libro  
    Dewey Decimal Classification Excluido de préstamo   Patrimonio Dominicano Referencia Biblioteca Nacional Pedro Henríquez Ureña Biblioteca Nacional Pedro Henríquez Ureña Depósito 09.04.2015   BNPHU R-PD 920.07293 M385d 1997 38783-20 25.06.2020 25.06.2020 Libro e. 2

Con tecnología Koha